ARRUPE JESUIT UNIVERSITY

CORONAVIRUS -STOP THE SPREAD - CLEAN,DISINFECT,COVER

Empiricism and subjectivity (Record no. 4835)

MARC details
000 -LEADER
fixed length control field 00698nam a2200241Ia 4500
003 - CONTROL NUMBER IDENTIFIER
control field 0100
008 - FIXED-LENGTH DATA ELEMENTS--GENERAL INFORMATION
fixed length control field 130227s9999 xx 000 0 und d
040 ## - CATALOGING SOURCE
Transcribing agency ARRUPELIB
050 ## - LIBRARY OF CONGRESS CALL NUMBER
Classification number B1489.D413 1991
100 ## - MAIN ENTRY--PERSONAL NAME
Personal name Deleuze, Gilles
245 ## - TITLE STATEMENT
Title Empiricism and subjectivity
245 ## - TITLE STATEMENT
Remainder of title an essay on Hume's theory of human nature
260 ## - PUBLICATION, DISTRIBUTION, ETC. (IMPRINT)
Place of publication, distribution, etc New York
260 ## - PUBLICATION, DISTRIBUTION, ETC. (IMPRINT)
Name of publisher, distributor, etc Columbia University Press
260 ## - PUBLICATION, DISTRIBUTION, ETC. (IMPRINT)
-- 1991
300 ## - PHYSICAL DESCRIPTION
Extent xi
300 ## - PHYSICAL DESCRIPTION
Other physical details 163p. 24cm.
440 ## - SERIES STATEMENT/ADDED ENTRY--TITLE
Title European Perspectives
650 ## - SUBJECT ADDED ENTRY--TOPICAL TERM
Topical term following geographic name as entry element Twain, Mark The Adventures of Huckleberry Finn
650 ## - SUBJECT ADDED ENTRY--TOPICAL TERM
Location of event Langhorne, Clemens Samuel The Adventures of Huckleberry Finn
700 ## - ADDED ENTRY--PERSONAL NAME
Personal name Boundas, Constantin V. tr.
942 ## - ADDED ENTRY ELEMENTS (KOHA)
Source of classification or shelving scheme Library of Congress Classification
Koha issues (borrowed), all copies 8
Holdings
Withdrawn status Lost status Source of classification or shelving scheme Damaged status Not for loan Collection code Home library Current library Shelving location Date acquired Total Checkouts Full call number Barcode Date last seen Date last borrowed Copy number Price effective from Koha item type
    Library of Congress Classification     Main Collection ARRUPE LIBRARY ARRUPE LIBRARY   27/02/2013 8 B1489.D413 1991 46406036 05/12/2014 25/11/2014 1 27/02/2013 Monograph ( Printed materials)

 

Arrupe Library. PO Box MP320 Mt Pleasant, Harare, Zimbabwe
263 242 745411|librarian@aju.ac.zw